000 02522cam a22004694i 4500
003 PE-LiUPU
005 20250731173423.0
008 150706s2011 pe a rb 000 0 spa d
020 _a9786120003879
035 _a(Sirsi) i9786120003879
040 _aPE-LiUPU
_bspa
_cPE-LiUPU
_erda
049 _aPRUA
082 0 4 _a262.142082
_bCh21
_221
100 1 _aChaparro Gonzales, Jhonatan D.,
_eautor.
245 1 0 _aEjercicio del ministerio de la mujer en la iglesia :
_bperspectiva bíblica /
_cJhonatan D. Chaparro Gonzales.
264 1 _aLima :
_bJHAS,
_c2011.
300 _a171 páginas :
_bilustraciones ;
_c21 centímetros
336 _atext
_2rdacontent
337 _aunmediated
_2rdamedia
338 _avolume
_2rdacarrier
504 _aIncluye bibliografía.
505 0 _aCriterios interpretativos en el Ministerio de la Mujer -- Diferentes interpretaciones -- La formación del ser humano como clímax de la creación -- La caída y sus consecuencias -- La mujer en algunos pasajes del Antiguo Testamento -- La ley y la mujer -- Intervención de la mujer en la vida pública de Israel -- La mujer en el periodo intertestamentario -- Lugar de la mujer en la mentalidad griega -- Jesús y las mujeres -- Jesús y su trato hacia las mujeres -- El ministerio de la mujer en la iglesia del primer siglo -- Lo que la iglesia del primer siglo creía en referencia al ministerio de la mujer -- La nueva dimensión de las relaciones matrimoniales -- La práctica de la iglesia primitiva en referencia al ministerio de la mujer -- Algunos testimonios históricos sobre la participación de la mujer en la iglesia primitiva -- Análisis de textos claves de difícil interpretación.
526 _aSEG42
526 _aSEG41
526 _aSEG40
526 _aSEG39
526 _aP94
526 _aP87
526 _aP86
526 _aP85
526 _aP77
526 _aP76
526 _aP35
541 _g001-0000595;
650 0 4 _aMujeres en el cristianismo.
910 _agl
_bjv
_clch
_d20121002
942 _2ddc
_cBOOK
949 _a262.142082 CH21
_wDEWEY
_c1
_i65458
_lCCODEBUL1
_mBUL
_p26.00
_r0
_sY
_tBOOK
_u2015-7-6
_xTEOLOGIA
_PP35
_o.STAFF. Colección General
994 _aC0
_bPEPRU
596 _a1
999 _a262.142082 CH21
_wDEWEY
_c53960
_i65458
_d53960
_f2021-11-10
_g5
_lCCODEBUL1
_mBUL
_p26.00
_q1
_r0
_sY
_tBOOK
_u2015-7-6
_xTEOLOGIA
_PP35
_0COMPRA
_o.STAFF. Colección Teología
980 _81
_gALBERTO SANCHEZ Responsable de Automatización